000 nam a22 a 4500
999 _c184863
_d184863
003 BLK
005 20220527124539.0
008 180411b bul|||||r ||||||| ||bul||
010 _aKNG00193840000
040 _aBLK
041 _aBUL
_cBUL
080 _aИгри с топка. Вж и 797.25
_b796.3
_z796.3
100 1 _aЖелязков, Цветан
_eпърви автор
_9375344
139 _aЖелязков, Цветан
_bЖ 36
245 1 0 _aОснови на физическата подготовка на спортните игри
_cЦветан Желязков.
257 _aBGR
260 _aСофия
_bМедицина и физкултура
_c1966
300 _a236 с.
_bс ил.
_c25 см
380 _a79
500 _a2 078 тир. - Библиогр. с. 226-234.
653 _aспортни игри
852 _aЦб 37364
856 4 _qpdf
856 4 _qpdf
942 _cKNG
_n0
_s1
944 _aCR
_c19.10.2016
_kСтанимира_Цанева
944 _aED
_c2022-05-27
_kир
999 _d184863